Profese pojišťovacích makléřů

Profesia poisťovacieho makléra, ktorá vznikla v súvislosti s budovaním poistného trhu v ČR a SR, orientovaného na hospodársku súťaž. Služby, ktoré poskytuje poisťovací maklér obom stranám jednej poistnej zmluvy. Charakteristika činnosti poisťovacieho makléra.

Salvato in:
Dettagli Bibliografici
Autore principale: Hajek, H.
Natura: Capitolo di libro
Lingua:ceco
Soggetti:
Tags: Aggiungi Tag
Nessun Tag, puoi essere il primo ad aggiungerne!!

MARC

LEADER 00000naa a2200000 4500
001 r015224
005 20221213082934.2
041 0 |a cze 
044 |a CZ 
245 1 0 |a Profese pojišťovacích makléřů  |c H. Hajek 
520 |a Profesia poisťovacieho makléra, ktorá vznikla v súvislosti s budovaním poistného trhu v ČR a SR, orientovaného na hospodársku súťaž. Služby, ktoré poskytuje poisťovací maklér obom stranám jednej poistnej zmluvy. Charakteristika činnosti poisťovacieho makléra. 
610 2 0 |a poisťovníctvo 
610 2 0 |a makléri 
610 2 0 |a povolania 
100 1 |a Hajek, H.